000 00300nam a2200121Ia 4500
008 190216s9999||||xx |||||||||||||| ||und||
100 _aSharma
245 0 _aBuild Yourown Digital Clocks
260 _bBusiness Promotion Bureau
_c1981
300 _a40p
650 _aGeneral Collections
942 _cREF
999 _c35524
_d35524